[Event "ETCC"]
[Site "Crete GRE"]
[Date "2007.10.31"]
[Round "4"]
[White "Lenic,L"]
[Black "Jakovenko,D"]
[Result "0-1"]
[WhiteElo "2531"]
[BlackElo "2710"]

1.d4 Nf6 2.c4 e6 3.Nf3 c5 4.Nc3 cxd4 5.Nxd4 Bb4 6.Nb5 d5 7.Bf4 O-O 8.cxd5 exd5
9.a3 Bxc3+ 10.bxc3 Nc6 11.e3 a6 12.Nd6 Qa5 13.Qb3 Nh5 14.Bg3 Rd8 15.Nxc8 Raxc8
16.Bh4 Re8 17.Rd1 d4 18.Be2 Nf4 19.exf4 dxc3 20.Qc2 Qxa3 21.O-O Nb4 22.Qf5 c2
23.Rc1 Qc3 24.Bh5 g6 25.Qg4 Nd3 26.Rxc2 Qxc2 27.Bf6 Re1  0-1

[Event "World Cup"]
[Site "Khanty-Mansiysk RUS"]
[Date "2007.11.28"]
[Round "2.2"]
[White "Jakovenko,D"]
[Black "Belov,Vl"]
[Result "1-0"]
[WhiteElo "2710"]
[BlackElo "2587"]

1.e4 c5 2.Nf3 d6 3.d4 cxd4 4.Nxd4 Nf6 5.Nc3 a6 6.g3 e5 7.Nde2 Be7 8.Bg2 Nbd7
9.a4 b6 10.h3 Bb7 11.g4 Nc5 12.Ng3 g6 13.Bh6 Ne6 14.Qd2 Rc8 15.Rd1 Ng8 16.Be3 Nf6
17.O-O O-O 18.Nd5 Nxd5 19.exd5 Nc5 20.b3 Bf6 21.Bh6 Re8 22.f4 e4 23.Qe3 Rc7
24.b4 Nxa4 25.Nxe4 Kh8 26.Rd3 Rc3 27.g5 Rxd3 28.Qxd3 Nb2 29.Qb3 Bd4+ 30.Kh2 Qc7
31.c3 Qc4 32.Qxc4 Nxc4 33.cxd4 Ne3 34.Nxd6 Nxf1+ 35.Bxf1 Rb8 36.Nxb7 Rxb7
37.Bxa6 Rd7 38.Bc4 Kg8 39.Kg2 b5 40.Bb3 Rc7 41.d6 Rd7 42.Kf3 Rxd6 43.Ke4 Rd8
44.d5 f5+ 45.gxf6  1-0

[Event "World Cup"]
[Site "Khanty-Mansiysk RUS"]
[Date "2007.12.07"]
[Round "5.2"]
[White "Jakovenko,D"]
[Black "Shirov,A"]
[Result "0-1"]
[WhiteElo "2710"]
[BlackElo "2739"]

1.c4 e5 2.g3 Nf6 3.Bg2 d5 4.cxd5 Nxd5 5.Nc3 Nb6 6.Nf3 Nc6 7.O-O Be7 8.b3 O-O
9.Bb2 Bg4 10.h3 Bh5 11.d3 Re8 12.Rc1 Bf8 13.Ne4 Nd7 14.g4 Bg6 15.Ng3 a5 16.d4 e4
17.Ne5 Ndxe5 18.dxe5 Qh4 19.e3 Rad8 20.Qc2 Nb4 21.Qe2 c6 22.Nxe4 Nd3 23.Rc4 Nxe5
24.Bxe5 Rxe5 25.Rd1 Rxd1+ 26.Qxd1 b5 27.Rd4 c5 28.Rd5 Rxe4 29.Bxe4 Bxe4 30.Rd8 Qe7
31.Rb8 b4 32.Qe2 Qd6  0-1

[Event "60th ch-RUS Superfinal"]
[Site "Moscow RUS"]
[Date "2007.12.20"]
[Round "3"]
[White "Jakovenko,D"]
[Black "Timofeev,Arty"]
[Result "1-0"]
[WhiteElo "2710"]
[BlackElo "2637"]

1.e4 c5 2.Nf3 Nc6 3.Nc3 g6 4.d4 cxd4 5.Nxd4 Bg7 6.Be3 Nf6 7.Bc4 Qa5 8.O-O O-O
9.Bb3 d6 10.h3 Bd7 11.Re1 Rfe8 12.Qd3 Qh5 13.Rad1 Ne5 14.Qf1 g5 15.f3 Qg6
16.Nce2 Nc6 17.c3 Nxd4 18.cxd4 Bb5 19.Qf2 Bxe2 20.Qxe2 Nh5 21.Qb5 Nf4 22.Qxb7 a5
23.Qd7 a4 24.Bc4 Rec8 25.b3 axb3 26.Bxb3 Rc3 27.Qxe7 Nd3 28.Re2 Nf4 29.Bxf4 gxf4
30.e5 dxe5 31.dxe5 Rf8 32.e6 Kh8 33.exf7 h5 34.Kh1 Rcc8 35.Qe6 Qg5 36.Qxc8 Rxc8
37.Re8+ Bf8 38.Rxc8 Kg7 39.Rxf8  1-0

[Event "60th ch-RUS Superfinal"]
[Site "Moscow RUS"]
[Date "2007.12.23"]
[Round "5"]
[White "Jakovenko,D"]
[Black "Svidler,P"]
[Result "1/2-1/2"]
[WhiteElo "2710"]
[BlackElo "2732"]

1.e4 e5 2.Nf3 Nc6 3.Bb5 a6 4.Ba4 Nf6 5.O-O Be7 6.Re1 b5 7.Bb3 O-O 8.c3 d5
9.exd5 Nxd5 10.Nxe5 Nxe5 11.Rxe5 c6 12.d4 Bd6 13.Re1 Qh4 14.g3 Qh3 15.Be3 Bg4
16.Qd3 Rae8 17.Nd2 Re6 18.Qf1 Qh5 19.f3 Rf6 20.Bd1 Re8 21.Bf4 Rxe1 22.Qxe1 Re6
23.Be5 Bh3 24.Qf2 Bxe5 25.f4 Bxd4 26.Bxh5 Bxf2+ 27.Kxf2 Nf6 28.Bf3 Kf8 29.Re1 Rd6
30.Ne4 Nxe4+ 31.Rxe4 Be6 32.a3 a5 33.Rd4 Rxd4 34.cxd4 Bd5 35.Bxd5 cxd5 36.b4 axb4
37.axb4  1/2-1/2

[Event "60th ch-RUS Superfinal"]
[Site "Moscow RUS"]
[Date "2007.12.26"]
[Round "7"]
[White "Jakovenko,D"]
[Black "Amonatov,F"]
[Result "1-0"]
[WhiteElo "2710"]
[BlackElo "2637"]

1.d4 Nf6 2.c4 g6 3.g3 Bg7 4.Bg2 c6 5.Nf3 d5 6.O-O O-O 7.Qb3 Qb6 8.Nc3 Qxb3
9.axb3 Bf5 10.Ne5 Rd8 11.Bf4 Nbd7 12.Nxd7 Rxd7 13.Be5 Rdd8 14.cxd5 Nxd5 15.Nxd5 cxd5
16.Bxg7 Kxg7 17.Rfc1 Rd7 18.Rc5 e6 19.f3 g5 20.Kf2 Rd6 21.e4 Bg6 22.exd5 exd5
23.Bf1 h6 24.b4 b6 25.Rc7 a5 26.b5 Re8 27.Re1 Rxe1 28.Kxe1 Bf5 29.g4 Bd7
30.Bd3 Be8 31.Kf2 Bd7 32.Rb7 Be8 33.Kg3 Re6 34.Kf2 Kf8 35.h3 Rf6 36.Rc7 Re6
37.Rc1 Rf6 38.b4 axb4 39.Rb1 h5 40.Rxb4 hxg4 41.hxg4 Bd7 42.Ke3 Re6+ 43.Kd2 Rf6
44.Be2 Rh6 45.Ra4 Be8 46.Ra7 Rf6 47.Ke3 Re6+ 48.Kf2 Rf6 49.Bd3 Rh6 50.Rb7 Re6
51.Rc7 Rh6 52.Kg3 Re6 53.Rb7 Rf6 54.Kf2 Re6 55.Bf1 Rh6 56.Kg3 Rf6 57.Bd3 Re6
58.Bf5 Rd6 59.f4 f6 60.Bd3 Re6 61.Kf3 Rd6 62.Rh7 Bf7 63.Rh6 Ke7 64.Bf5 Be8
65.Rh7+ Kf8 66.Rh8+ Ke7 67.fxg5 fxg5 68.Rg8 Bxb5 69.Rxg5 Be8 70.Kf4 b5 71.Rg7+ Bf7
72.g5 Kf8 73.Rh7 Rb6 74.g6 Bg8 75.Ra7 Be6 76.Bc2 Rc6 77.Bd3 b4 78.Ke5 Rb6
79.Bc2 Bg4 80.Kxd5 b3 81.Bb1 Rf6 82.Ra8+ Kg7 83.Rb8 Bd1 84.Rb7+ Kg8 85.Ke5 Rf8
86.Bf5  1-0

[Event "60th ch-RUS Superfinal"]
[Site "Moscow RUS"]
[Date "2007.12.28"]
[Round "9"]
[White "Jakovenko,D"]
[Black "Rychagov,A"]
[Result "1/2-1/2"]
[WhiteElo "2710"]
[BlackElo "2528"]

1.d4 d5 2.c4 e6 3.Nc3 Be7 4.cxd5 exd5 5.Bf4 Nf6 6.e3 Bf5 7.Nge2 O-O 8.Ng3 Bg4
9.Qb3 Nc6 10.h3 Be6 11.Be2 Na5 12.Qd1 c5 13.dxc5 Bxc5 14.O-O a6 15.Qb1 Nc6
16.Rd1 d4 17.Nce4 Nxe4 18.Nxe4 Bf5 19.Bd3 Be7 20.Ng3 Bxd3 21.Qxd3 g5 22.Bxg5 Bxg5
23.exd4 Qd5 24.Ne4 Rad8 25.Rac1 Rfe8 26.Rc5 Qxe4 27.Rxg5+ Kh8 28.Qc3 f6 29.Rg4 Qd5
30.Rf4 Re6 31.a3 Rg8 32.g3 Rge8 33.Kh2 R8e7 34.Rd3 Rd7 35.Rdf3 Rdd6 36.Qc2 Ne7
37.Rh4 f5 38.Rhf4 Re4 39.Rxe4 Qxe4 40.Qc7 Re6 41.Re3 Qd5 42.Rxe6 Qxe6 43.Qxb7 Kg7
44.d5 Qd6 45.b4 h5 46.a4 h4 47.a5 hxg3+ 48.fxg3 f4 49.gxf4 Qxf4+ 50.Kg2 Qd2+
51.Kf1 Qd1+ 52.Kf2 Qd2+ 53.Kf1 Qd1+  1/2-1/2

[Event "60th ch-RUS Superfinal"]
[Site "Moscow RUS"]
[Date "2007.12.29"]
[Round "10"]
[White "Jakovenko,D"]
[Black "Vitiugov,N"]
[Result "1/2-1/2"]
[WhiteElo "2710"]
[BlackElo "2594"]

1.e4 e6 2.d4 d5 3.Nc3 Nf6 4.Bg5 Bb4 5.e5 h6 6.Be3 Ne4 7.Qg4 g6 8.a3 Bxc3+
9.bxc3 c5 10.Bd3 h5 11.Qf4 g5 12.Qf3 Nxc3 13.dxc5 d4 14.Bd2 Nc6 15.Qf6 Qxf6
16.exf6 g4 17.Bxc3 dxc3 18.Ne2 Ne5 19.Be4 Rb8 20.h3 Kd8 21.Nxc3 Bd7 22.a4 Rc8
23.Bxb7 Rxc5 24.Ne4 Rxc2 25.hxg4 Kc7 26.Rxh5 Rxh5 27.gxh5 Kxb7 28.h6 Bc6
29.Nd6+ Kc7 30.h7 Nd3+ 31.Kd1 Rxf2 32.Ra3 Rxg2 33.Rxd3 Rh2 34.Nxf7 Bxa4+
35.Ke1 Rxh7 36.Ng5 Rh1+ 37.Kf2 Be8 38.Nxe6+ Kc6 39.Rd8 Rh6 40.Nd4+ Kc5 41.Rxe8 Kxd4
42.Re6 Kd5 43.Ra6 Ke5 44.Rxa7 Rxf6+  1/2-1/2

[Event "TCh-ESP Hon Gp2"]
[Site "Sabadell ESP"]
[Date "2008.09.03"]
[Round "1"]
[White "Jakovenko,D"]
[Black "Movsesian,S"]
[Result "1/2-1/2"]
[WhiteElo "2709"]
[BlackElo "2723"]

1.d4 Nf6 2.c4 c6 3.Nf3 d5 4.Nc3 a6 5.c5 Bf5 6.Bf4 Nbd7 7.e3 e6 8.Nd2 Be7
9.Be2 Bg6 10.b4 O-O 11.a4 b6 12.a5 b5 13.h4 h6 14.g4 Ne8 15.Bg3 f5 16.Qc2 Nef6
17.h5 Bh7 18.gxf5 exf5 19.Bf4 Ne4 20.Ndxe4 fxe4 21.Bg3 Bf5 22.O-O-O  1/2-1/2

[Event "TCh-ESP Hon Gp2"]
[Site "Sabadell ESP"]
[Date "2008.09.04"]
[Round "2"]
[White "Nijboer,F"]
[Black "Jakovenko,D"]
[Result "0-1"]
[WhiteElo "2564"]
[BlackElo "2709"]

1.e4 e5 2.Nf3 Nc6 3.Bb5 a6 4.Ba4 Nf6 5.O-O Be7 6.Re1 b5 7.Bb3 O-O 8.c3 d5
9.d4 exd4 10.e5 Ne4 11.cxd4 Bf5 12.Nc3 Nxc3 13.bxc3 Qd7 14.Bc2 h6 15.Be3 Na5
16.Nd2 Rab8 17.Bxf5 Qxf5 18.Nf1 Nc4 19.Bc1 c5 20.Ne3 Nxe3 21.Bxe3 c4 22.g4 Qd7
23.f4 f5 24.exf6 Bxf6 25.a3 Bh4 26.Rf1 Rbe8 27.Qf3 Re4 28.f5 Rfe8 29.Bf4 Bf6
30.Ra2 Qe7 31.Kg2 Kh7 32.h3 a5 33.Rb2 Qxa3 34.Rxb5 Re2+ 35.Kh1 Rc2 36.g5 Rxc3
37.Qg4 Bxg5 38.f6 Bxf6 39.Rxd5 Rxh3+ 40.Kg2 Rh4 41.Qf5+ Kh8 42.Be5 Bxe5 43.Rxe5 Rb8
44.Rfe1 Rf8  0-1

[Event "TCh-ESP Hon Gp2"]
[Site "Sabadell ESP"]
[Date "2008.09.06"]
[Round "4"]
[White "Jakovenko,D"]
[Black "Gashimov,V"]
[Result "1-0"]
[WhiteElo "2709"]
[BlackElo "2717"]

1.d4 Nf6 2.c4 e6 3.Nf3 c5 4.d5 exd5 5.cxd5 Bd6 6.Nc3 Bc7 7.Bg5 d6 8.e3 O-O
9.Bd3 a6 10.O-O Bg4 11.Qc2 h6 12.Bh4 b5 13.Nd2 c4 14.Bf5 Bxf5 15.Qxf5 Nbd7
16.a4 Ba5 17.Nde4 Bxc3 18.bxc3 Qe7 19.Nxf6+ Nxf6 20.Bxf6 Qxf6 21.Qxf6 gxf6
22.Rfb1 Rab8 23.axb5 axb5 24.Ra6 Rfc8 25.Kf1 b4 26.cxb4 c3 27.Rc6 Rxc6 28.dxc6 Rb6
29.b5 Rxb5 30.c7 Rxb1+ 31.Ke2 Rb2+ 32.Kf3 c2 33.c8=Q+ Kg7 34.Qc3 Ra2 35.e4 Kg6
36.g4 Kg7 37.h4 Kg6 38.h5+ Kg7 39.Ke3 d5 40.exd5 Ra5 41.Kd4 Ra4+ 42.Kd3 Ra5
43.Kc4 Ra4+ 44.Kb5 Rd4 45.Kc5  1-0

[Event "5th CHN-RUS"]
[Site "Ningpo CHN"]
[Date "2008.09.19"]
[Round "2"]
[White "Jakovenko,D"]
[Black "Bu Xiangzhi"]
[Result "1-0"]
[WhiteElo "2709"]
[BlackElo "2710"]

1.e4 e5 2.Nf3 Nf6 3.d4 Nxe4 4.Bd3 d5 5.Nxe5 Nd7 6.Nxd7 Bxd7 7.O-O Bd6 8.Nc3 Nxc3
9.bxc3 O-O 10.Qh5 f5 11.Re1 Qf6 12.Qf3 Kh8 13.Rb1 b6 14.Bf4 Rae8 15.Rxe8 Rxe8
16.Qxd5 Bxf4 17.Qxd7 Qe6 18.Qxe6 Rxe6 19.Bxf5 Re7 20.c4 g6 21.Bd3 Bd2 22.c5 bxc5
23.Rb8+ Kg7 24.dxc5 Bc3 25.Rb7 Bd4 26.Rxa7 Bxc5 27.Ra4 Rf7 28.Rc4 Bxf2+ 29.Kh1 Bb6
30.h4 Re7 31.Kh2 Re5 32.a4 Kf6 33.Kg3 Re3+ 34.Kf4 Re1 35.g3 Be3+ 36.Kf3 Bb6
37.Rf4+ Ke7 38.Bc4 Re3+ 39.Kg2 Ke8 40.g4 Ba5 41.g5 Be1 42.Bg8 Re7 43.Kf3 Bd2
44.Re4 h6 45.gxh6 Bxh6 46.a5 Rxe4 47.Kxe4 Kd7 48.Bf7 Kc6 49.Bxg6 Kb5 50.Be8+ Kxa5
51.Kf5 Kb4 52.Kg6 Be3 53.h5 c6 54.Bxc6 Kc3 55.Ba4  1-0

[Event "5th CHN-RUS"]
[Site "Ningpo CHN"]
[Date "2008.09.20"]
[Round "3"]
[White "Ni Hua"]
[Black "Jakovenko,D"]
[Result "1/2-1/2"]
[WhiteElo "2705"]
[BlackElo "2709"]

1.e4 e5 2.Nf3 Nc6 3.Bc4 Bc5 4.c3 Nf6 5.d3 a6 6.Bb3 d6 7.O-O Ba7 8.Be3 O-O
9.Bxa7 Rxa7 10.Re1 Na5 11.Bc2 c5 12.Nbd2  1/2-1/2

[Event "24th ECC"]
[Site "Kallithea GRE"]
[Date "2008.10.22"]
[Round "6"]
[White "Bacrot,E"]
[Black "Jakovenko,D"]
[Result "1-0"]
[WhiteElo "2705"]
[BlackElo "2737"]

1.e4 e5 2.Nf3 Nc6 3.Bb5 a6 4.Ba4 Nf6 5.O-O Be7 6.Re1 b5 7.Bb3 O-O 8.c3 d5
9.exd5 Nxd5 10.Nxe5 Nxe5 11.Rxe5 c6 12.d4 Bd6 13.Re1 Qh4 14.g3 Qh3 15.Be3 Bg4
16.Qd3 Rae8 17.Nd2 Re6 18.Qf1 Qh5 19.f3 Bf5 20.Ne4 Bxe4 21.fxe4 Rxe4 22.Bd1 Qg6
23.Bc2 f5 24.Bd2 Rg4 25.Re2 Rf6 26.Rae1 Qf7 27.Re8+ Bf8 28.Rd8 Re4 29.Bxe4 fxe4
30.Qg2 e3 31.Bxe3 Qe7 32.Rxd5 cxd5 33.Qxd5+ Rf7 34.Bd2 Qf6 35.Bf4 Qg6 36.Re8 Kh8
37.Qe4 Qg4 38.Kg2 Rf6 39.d5 h5 40.Qe2 Qg6 41.Re6 Rxe6 42.dxe6 Be7 43.h4 Bxh4
44.e7 Bxe7 45.Qxe7 Qc2+ 46.Kf3  1-0

[Event "TCh-ESP CECLUB Final"]
[Site "Motril ESP"]
[Date "2008.11.02"]
[Round "2"]
[White "Ganguly,S"]
[Black "Jakovenko,D"]
[Result "0-1"]
[WhiteElo "2603"]
[BlackElo "2737"]

1.e4 c6 2.d4 d5 3.Nd2 dxe4 4.Nxe4 Bf5 5.Ng3 Bg6 6.h4 h6 7.Nf3 Nd7 8.h5 Bh7
9.Bd3 Bxd3 10.Qxd3 e6 11.Bd2 Ngf6 12.O-O-O Be7 13.c4 O-O 14.Kb1 b5 15.cxb5 cxb5
16.Qxb5 a5 17.Ne5 Nxe5 18.dxe5 Nd5 19.Ne2 Rb8 20.Qc6 Ba3 21.Bc1 Qe7 22.Rh3 Rfc8
23.Qa4 Qc7 24.Rd2 Bb4 25.Rdd3 Qxe5 26.Qd1 Be7 27.Rb3 Rxb3 28.Rxb3 Qxh5 29.Qd3 a4
30.Rb7 Qh1 31.Qe4 Bg5  0-1

[Event "38th Olympiad"]
[Site "Dresden GER"]
[Date "2008.11.23"]
[Round "10"]
[White "Jakovenko,D"]
[Black "Borisek,J"]
[Result "1-0"]
[WhiteElo "2737"]
[BlackElo "2548"]

1.d4 Nf6 2.c4 g6 3.Nc3 d5 4.Qb3 dxc4 5.Qxc4 Bg7 6.e4 O-O 7.Be2 c6 8.Nf3 b5
9.Qb3 Qa5 10.e5 Be6 11.Qc2 Bf5 12.Bd3 Bxd3 13.Qxd3 Nd5 14.O-O Qd8 15.Ne4 Na6
16.Bd2 Rc8 17.Rfc1 Nab4 18.Qe2 Na6 19.h4 Qb6 20.Qd3 Rfd8 21.h5 c5 22.hxg6 fxg6
23.Nfg5 h6 24.dxc5 Nxc5 25.Rxc5 Rxc5 26.Nxc5 hxg5 27.Ba5 Qxc5 28.Bxd8 Nf4
29.Qe4 Kh7 30.Ba5 Bxe5 31.Re1 Bd6 32.Bc3 b4 33.Be5 Nd3 34.Qxd3 Bxe5 35.Qe3  1-0

[Event "TOP 16 GpA"]
[Site "Clichy FRA"]
[Date "2009.03.21"]
[Round "2"]
[White "Shirazi,K"]
[Black "Jakovenko,D"]
[Result "0-1"]
[WhiteElo "2410"]
[BlackElo "2760"]

1.e4 e5 2.f4 d5 3.exd5 exf4 4.Nf3 Bd6 5.d4 Ne7 6.c4 c5 7.b4 b6 8.bxc5 bxc5
9.dxc5 Bxc5 10.Bxf4 O-O 11.Nc3 Re8 12.Be2 Nf5 13.Qc2 Qf6 14.Rd1 Nh4 15.Nxh4 Qxf4
16.Nf3 Bf5 17.Qc1 Be3 18.Rd2 Nd7 19.Nd1 Rab8 20.Qc3 Nc5 21.Rd4 Bxd4 22.Qxd4 Bd3
23.Nc3 Bxe2  0-1

[Event "16th TCh-RUS Premier"]
[Site "Dagomys RUS"]
[Date "2009.04.04"]
[Round "1"]
[White "Grischuk,A"]
[Black "Jakovenko,D"]
[Result "1/2-1/2"]
[WhiteElo "2748"]
[BlackElo "2753"]

1.d4 Nf6 2.c4 e6 3.Nf3 d5 4.Nc3 Be7 5.Bg5 h6 6.Bh4 O-O 7.e3 Ne4 8.Bxe7 Qxe7
9.Rc1 Nxc3 10.Rxc3 c6 11.Be2 Nd7 12.O-O dxc4 13.Bxc4 b6 14.Bd3 c5 15.Be4 Rb8
16.Qc2 Ba6 17.Rc1 Rfc8 18.h3 cxd4 19.Nxd4 Rxc3 20.Qxc3 Rc8 21.Qd2  1/2-1/2

[Event "16th TCh-RUS Premier"]
[Site "Dagomys RUS"]
[Date "2009.04.05"]
[Round "2"]
[White "Jakovenko,D"]
[Black "Ionov,S"]
[Result "1/2-1/2"]
[WhiteElo "2753"]
[BlackElo "2538"]

1.e4 e6 2.d4 d5 3.Nc3 dxe4 4.Nxe4 Nd7 5.Nf3 Ngf6 6.Nxf6+ Nxf6 7.Be3 Nd5 8.Bd2 c5
9.Bb5+ Bd7 10.Bxd7+ Qxd7 11.c4 Nb6 12.Rc1 Be7 13.dxc5 Bxc5 14.b4 Be7 15.c5 Nd5
16.Ne5 Qc7 17.Qa4+ Kf8 18.Nf3 h5 19.O-O h4 20.h3 Rh5 21.Rfe1 a6 22.Re4 Rc8
23.Qd1 Qd8 24.Qe2 Kg8 25.Rcc4 g6 26.Bc1 a5 27.a3 axb4 28.axb4 Ra8 29.Bb2 Ra2
30.Rc2 Rxb2 31.Rxb2 Nc3 32.Qe1 Nxe4 33.Qxe4 Rd5 34.Rb1 Bf6 35.Qe2 Qc7 36.Qb5 Kg7
37.Kf1 Kf8 38.Re1 Kg7 39.Rb1 Kf8 40.Re1 Kg7  1/2-1/2

[Event "16th TCh-RUS Premier"]
[Site "Dagomys RUS"]
[Date "2009.04.06"]
[Round "3"]
[White "Ivanchuk,V"]
[Black "Jakovenko,D"]
[Result "1/2-1/2"]
[WhiteElo "2746"]
[BlackElo "2753"]

1.Nf3 Nf6 2.c4 e6 3.g3 d5 4.Bg2 Be7 5.O-O O-O 6.b3 b6 7.Nc3 Bb7 8.d4 c5 9.dxc5 bxc5
10.Ne5 Nbd7 11.Bf4 Nxe5 12.Bxe5 Nd7 13.Bf4 Nb6 14.a4 Bf6 15.Rc1 Bxc3 16.Rxc3 Qe7
17.cxd5  1/2-1/2

[Event "16th TCh-RUS Premier"]
[Site "Dagomys RUS"]
[Date "2009.04.07"]
[Round "4"]
[White "Alekseev,Evgeny"]
[Black "Jakovenko,D"]
[Result "0-1"]
[WhiteElo "2716"]
[BlackElo "2753"]

1.e4 e5 2.Nf3 Nc6 3.Bb5 a6 4.Ba4 Nf6 5.O-O Be7 6.Re1 b5 7.Bb3 O-O 8.a4 b4
9.d4 d6 10.dxe5 Nxe5 11.Bf4 Ng6 12.Bg3 Bb7 13.Nbd2 Nh5 14.Nc4 Nxg3 15.hxg3 a5
16.e5 Bxf3 17.Qxf3 d5 18.Ne3 c6 19.Qh5 Bc5 20.Rad1 Qb6 21.Ng4 Rae8 22.Kf1 Bd4
23.f4 f6 24.exf6 Rxe1+ 25.Rxe1 Qa6+ 26.Re2 Re8 27.Nf2 Qxe2+ 28.Qxe2 Rxe2
29.Kxe2 Bxb2 30.fxg7 Kxg7 31.Kd3 Bc3 32.Nd1 Be1 33.Kd4 Bxg3 34.Kc5 Nxf4 35.Kxc6 d4
36.Kc5 Nxg2 37.Kxd4 Kf6 38.Ke4 Bb8 39.c3 bxc3 40.Nxc3 h5 41.Nd5+ Kg5 42.Ne3 Nf4
43.Bc4 h4 44.Bf1 Bc7 45.Kf3 h3 46.Ng4 Ng2 47.Nf2 Nh4+ 48.Ke4 h2 49.Nh1 Nf5
50.Bh3 Ng3+ 51.Nxg3 Kh4 52.Kf3 Kxh3 53.Nh1 Bb6 54.Ng3 Bd8 55.Nh1 Bh4 56.Ke4  0-1

[Event "TOP 16 GpA"]
[Site "Mulhouse FRA"]
[Date "2009.05.01"]
[Round "5"]
[White "Jakovenko,D"]
[Black "Navara,D"]
[Result "1-0"]
[WhiteElo "2753"]
[BlackElo "2654"]

1.e4 c5 2.Nf3 d6 3.d4 cxd4 4.Nxd4 Nf6 5.Nc3 Nc6 6.Bg5 e6 7.Qd2 a6 8.O-O-O Be7
9.f4 Nxd4 10.Qxd4 b5 11.Bxf6 gxf6 12.e5 d5 13.Be2 Bd7 14.f5 fxe5 15.Qxe5 Bf6
16.Qg3 Bh4 17.Qf3 O-O 18.Kb1 b4 19.Nxd5 exd5 20.Rxd5 Bf6 21.Rhd1 Ra7 22.g4 Re8
23.g5 Bxg5 24.Qg4 Qe7 25.h4 h5 26.Qg1 Qxe2 27.Qxg5+ Kh7 28.Rd6 Be6 29.Rg1  1-0

[Event "3rd ACP World Rapid Cup"]
[Site "Odessa UKR"]
[Date "2009.05.23"]
[Round "2.5"]
[White "Naiditsch,A"]
[Black "Jakovenko,D"]
[Result "0-1"]
[WhiteElo "2700"]
[BlackElo "2753"]

1.e4 e5 2.Nf3 Nf6 3.d4 Nxe4 4.dxe5 d5 5.Nbd2 Nxd2 6.Qxd2 c5 7.b4 Nc6 8.b5 Ne7
9.Bb2 Be6 10.Ng5 Qd7 11.O-O-O a6 12.a4 axb5 13.Bxb5 Nc6 14.f4 Be7 15.Nxe6 fxe6
16.f5 O-O-O 17.f6 gxf6 18.exf6 Bd6 19.Rhe1 Rhf8 20.Bxc6 bxc6 21.Qa5 Rde8
22.Be5 Bxe5 23.Rxe5 Qc7 24.Qxc7+ Kxc7 25.Rf1 Kd6 26.Rh5 Rf7 27.g4 Ra8 28.g5 Rxa4
29.Rf2 Rg4 30.h3 Rg3 31.h4 c4 32.Rxh7 c3 33.Kb1 Rxh7 34.f7 Rxf7 35.Rxf7 d4
36.Ka2 e5 37.Rg7 e4 38.Rg6+ Kd5 39.h5 e3 40.h6 Rh3 41.Rg8 e2 42.Re8 Re3 43.Rxe3 dxe3
44.h7 e1=Q 45.h8=Q Qd2 46.Qh7 e2 47.Qd7+ Ke4 48.Qxc6+ Kf5 49.Qb5+ Kg6  0-1

[Event "3rd ACP World Rapid Cup"]
[Site "Odessa UKR"]
[Date "2009.05.23"]
[Round "2.2"]
[White "Naiditsch,A"]
[Black "Jakovenko,D"]
[Result "1-0"]
[WhiteElo "2700"]
[BlackElo "2753"]

1.e4 e5 2.Nf3 Nc6 3.d4 exd4 4.Nxd4 Bc5 5.Be3 Qf6 6.c3 Nge7 7.Bc4 Ne5 8.Be2 Qg6
9.O-O d6 10.Kh1 O-O 11.Nd2 d5 12.Nf5 Nxf5 13.Bxc5 Nh4 14.g3 Re8 15.gxh4 dxe4
16.Rg1 Qc6 17.Be3 Be6 18.Nb3 Nd3 19.Nd4 Qd6 20.Nxe6 Rxe6 21.Bxd3 exd3 22.Qf3 c5
23.Qg3 Qd5+ 24.Qg2 Qe5 25.Rad1 Rd8 26.Qg5 Qxg5 27.hxg5 c4 28.Rg4 b5 29.Kg2 a6
30.b3 Rc8 31.bxc4 bxc4 32.Rb1 Kf8 33.Kf1 Rc7 34.Ke1 Re5 35.Rb4  1-0

[Event "3rd ACP World Rapid Cup"]
[Site "Odessa UKR"]
[Date "2009.05.23"]
[Round "2.4"]
[White "Jakovenko,D"]
[Black "Naiditsch,A"]
[Result "1-0"]
[WhiteElo "2753"]
[BlackElo "2700"]

1.d4 Nf6 2.c4 e6 3.Nf3 Bb4+ 4.Nbd2 O-O 5.a3 Bxd2+ 6.Qxd2 b6 7.e3 Bb7 8.Be2 d6
9.O-O a5 10.b3 Nbd7 11.Bb2 Qe7 12.b4 axb4 13.axb4 Rxa1 14.Rxa1 Ra8 15.Rxa8+ Bxa8
16.Qd1 Qd8 17.Nd2 Bb7 18.f3 c5 19.Qb3 Qa8 20.Nb1 d5 21.dxc5 bxc5 22.b5 Nb6
23.cxd5 exd5 24.Nc3 Nfd7 25.Qc2 Qe8 26.Qd2 Qe6 27.Bf1 Ne5 28.Bc1 h6 29.Qa2 Nec4
30.Qa7 Qc8 31.e4 d4 32.Na4 Nxa4 33.Bxc4 Qa8 34.b6 Qxa7 35.bxa7 Nb6 36.Bd5 Nxd5
37.exd5 Bxd5 38.Kf2 c4 39.Ke2 Kf8 40.Bb2 c3 41.Ba3+  1-0

[Event "3rd ACP World Rapid Cup"]
[Site "Odessa UKR"]
[Date "2009.05.23"]
[Round "2.1"]
[White "Jakovenko,D"]
[Black "Naiditsch,A"]
[Result "1-0"]
[WhiteElo "2753"]
[BlackElo "2700"]

1.d4 Nf6 2.c4 e6 3.Nf3 d5 4.Nc3 c5 5.cxd5 Nxd5 6.e4 Nxc3 7.bxc3 cxd4 8.cxd4 Bb4+
9.Bd2 Bxd2+ 10.Qxd2 O-O 11.Bc4 Nd7 12.O-O b6 13.Rad1 Bb7 14.Rfe1 Rc8 15.Bb3 Qf6
16.Qe3 Rfd8 17.h3 Nf8 18.d5 exd5 19.exd5 Ng6 20.Ng5 h6 21.Nxf7 Qxf7 22.d6 Rc4
23.d7 Kh7 24.Qe8  1-0

[Event "3rd ACP World Rapid Cup"]
[Site "Odessa UKR"]
[Date "2009.05.23"]
[Round "2.3"]
[White "Naiditsch,A"]
[Black "Jakovenko,D"]
[Result "1-0"]
[WhiteElo "2700"]
[BlackElo "2753"]

1.e4 e5 2.Nf3 Nf6 3.Nxe5 d6 4.Nf3 Nxe4 5.Bd3 Nf6 6.O-O Be7 7.c3 O-O 8.Bc2 Bg4
9.d4 Nbd7 10.Nbd2 d5 11.Re1 Bd6 12.Nf1 Re8 13.Rxe8+ Qxe8 14.Ne3 Bh5 15.Bd2 c6
16.Nf5 Bf8 17.Ng3 Bg6 18.Bxg6 hxg6 19.Qb3 Qb8 20.Re1 Qc7 21.Qd1 Bd6 22.Ng5 b6
23.Qf3 c5 24.h4 cxd4 25.cxd4 Qc2 26.Bf4 Bxf4 27.Qxf4 Qxb2 28.Re7 Rf8 29.h5 gxh5
30.Nf5 Qb1+ 31.Kh2 Ng4+ 32.Kg3 Ndf6 33.Rc7 Qh1 34.Ne7+ Kh8 35.Nxf7+ Rxf7
36.Rc8+ Ng8 37.Rxg8+ Kh7 38.Qxf7 h4+ 39.Kxg4 Qxg2+ 40.Kf5 Qe4+ 41.Kg5 Qg2+
42.Kh5  1-0

[Event "Sparkassen GM"]
[Site "Dortmund GER"]
[Date "2009.07.06"]
[Round "5"]
[White "Kramnik,V"]
[Black "Jakovenko,D"]
[Result "1/2-1/2"]
[WhiteElo "2759"]
[BlackElo "2760"]

1.d4 Nf6 2.c4 e6 3.Nf3 d5 4.Nc3 Bb4 5.Bg5 h6 6.Bxf6 Qxf6 7.e3 O-O 8.Be2 dxc4
9.O-O Bxc3 10.bxc3 b5 11.a4 c6 12.Ne5 Qe7 13.f4 a6 14.Bf3 Bb7 15.Qb1 Qc7
16.f5 Nd7 17.Ng4 Rae8 18.fxe6 Rxe6 19.Qf5  1/2-1/2

[Event "Sparkassen GM"]
[Site "Dortmund GER"]
[Date "2009.07.09"]
[Round "7"]
[White "Naiditsch,A"]
[Black "Jakovenko,D"]
[Result "1/2-1/2"]
[WhiteElo "2697"]
[BlackElo "2760"]

1.e4 c5 2.Nf3 Nc6 3.Nc3 g6 4.d4 cxd4 5.Nxd4 Bg7 6.Be3 Nf6 7.Bc4 O-O 8.Bb3 d6
9.f3 Bd7 10.Qd2 Nxd4 11.Bxd4 b5 12.Nd5 Nxd5 13.exd5 Bxd4 14.Qxd4 a5 15.a3 Qc7
16.O-O-O Rfc8 17.Rd2 Bf5 18.Qf2 a4 19.Ba2 b4 20.g4 b3 21.Bxb3 Bxg4 22.fxg4 axb3
23.c3 Ra4 24.Rf1 f6 25.Qe3 Qd7 26.h3 Rf8 27.Re2 Ra7 28.Rf4 Rb7 29.Re4 Rf7
30.Re6 Qb5 31.Qd4 f5 32.Kd2 Rc7 33.a4 Qa5 34.Ke1 Qa6 35.gxf5 Rxf5 36.R6e4 Qb7
37.Qb4 Qa7 38.R2e3 Kf7 39.Qxb3 Rb7 40.Qa2 Qa6 41.c4 Qa5+ 42.Ke2 Qa6 43.Kd1 Rf1+
44.Kc2 Rh1 45.a5 Rh2+ 46.Re2 Rxh3 47.b4 Rxb4 48.Rxe7+ Kg8 49.Rc7 Kf8 50.Rc6 Qa8
51.Qa1 Kg8 52.Qf6 Rbb3 53.Re7 Rbc3+ 54.Qxc3 Rxc3+ 55.Kxc3 Qxa5+ 56.Kb3 Qd8
57.Rb7 Qf8 58.Rcc7 g5 59.c5 g4 60.cxd6 Qf3+ 61.Kb4 Qe4+ 62.Kc5 Qc2+ 63.Kb6 Qb3+
64.Ka7 Qa3+ 65.Kb8 Qxd6 66.Ka8 Qa3+ 67.Kb8 Qd6 68.Ka8 Qa3+ 69.Ra7 Qf8+ 70.Kb7  1/2-1/2

[Event "Sparkassen GM"]
[Site "Dortmund GER"]
[Date "2009.07.10"]
[Round "8"]
[White "Jakovenko,D"]
[Black "Bacrot,E"]
[Result "1-0"]
[WhiteElo "2760"]
[BlackElo "2721"]

1.e4 e5 2.Nf3 Nc6 3.Bb5 a6 4.Ba4 Nf6 5.O-O Be7 6.Re1 b5 7.Bb3 O-O 8.c3 d5
9.exd5 Nxd5 10.Nxe5 Nxe5 11.Rxe5 c6 12.d4 Bd6 13.Re1 Qh4 14.g3 Qh3 15.Qe2 Bg4
16.Qf1 Qh5 17.Be3 Rae8 18.Nd2 Re6 19.f3 Nxe3 20.Qf2 Nd5 21.fxg4 Qxg4 22.Qf3 Qg5
23.Rxe6 fxe6 24.Ne4 Qg6 25.Qd3 h5 26.Bc2 Bf4 27.Re1 h4 28.Nf2 Qxd3 29.Nxd3 Be3+
30.Kg2 Bd2 31.Re2 Ne3+ 32.Kh3 hxg3 33.Kxg3 Nf1+ 34.Kh3 Rf6 35.Ne5 Bc1 36.Ng4 Rf3+
37.Kg2 Rf4 38.Bb3 Rxg4+ 39.Kxf1 Rg6 40.Bxe6+ Kf8 41.b4 Rf6+ 42.Kg2 Rg6+ 43.Kf3 Rf6+
44.Kg3 Bf4+ 45.Kg4 Bc7 46.Bd7 Rd6 47.Bf5 a5 48.a3 Rf6 49.h4 g6 50.Be4 axb4
51.axb4 Kg7 52.Bg2 Kh6 53.Re8 Bf4 54.Re2 Bc1 55.Bf3 Kg7 56.Kg3 Kf7 57.Kg2 Bf4
58.Kf2 Re6 59.Be4 Rf6 60.Kg2 Bh6 61.Ra2 Ke7 62.Bf3 Kd7 63.Ra6 Ke7 64.Ra7+ Kd8
65.Ra6 Ke7 66.Ra2 Kd7 67.Re2 Kd6 68.Bg4 Kd5 69.Re5+ Kc4 70.Rc5+ Kd3 71.d5 Bf8
72.Rxc6 Rxc6 73.dxc6 Bd6 74.Kf3 Kxc3 75.Ke4 Kxb4 76.Kd5 Bg3 77.Bf3 Ka5 78.Ke6 b4
79.Be4 Kb5 80.Kd7 Kc5 81.Bxg6  1-0

[Event "5th FIDE GP"]
[Site "Jermuk ARM"]
[Date "2009.08.16"]
[Round "7"]
[White "Bacrot,E"]
[Black "Jakovenko,D"]
[Result "1-0"]
[WhiteElo "2721"]
[BlackElo "2760"]

1.d4 Nf6 2.c4 e6 3.Nf3 d5 4.Nc3 Bb4 5.cxd5 exd5 6.Qa4+ Nc6 7.Bg5 h6 8.Bxf6 Qxf6
9.e3 O-O 10.Be2 Rd8 11.O-O Bf8 12.a3 Ne7 13.b4 a6 14.b5 Bg4 15.bxa6 Bxf3
16.Bxf3 Rxa6 17.Qb3 Qd6 18.Rfc1 c6 19.Qxb7 Rxa3 20.Rxa3 Qxa3 21.Ne2 g6 22.g3 h5
23.h4 Qd6 24.Nf4 Bh6 25.Ne2 Bg7 26.Rb1 Bf6 27.Nf4 Kg7 28.Qa7 Rd7 29.Qa6 Rd8
30.Kg2 Rd7 31.Bd1 Rc7 32.Rb8 Kh7 33.Bc2 Kg7 34.Bd1 Kh7 35.Ra8 Qd7 36.Qd3 Kh6
37.Qa3 Rc8 38.Ra7 Rc7 39.Ra8 Rc8 40.Ra6 Rc7 41.Qc5 Qc8 42.Qd6 Kg7 43.Qa3 Qf5
44.Qd3 Qd7 45.Bxh5 Nf5 46.Bd1 Rb7 47.Qc2 Ne7 48.Nd3 Qc7 49.h5 Ra7 50.Rxa7 Qxa7
51.hxg6 fxg6 52.Nf4 Qd7 53.Be2 Qd6 54.Bg4 Kf7 55.Ne6 Ng8 56.Nc5 Ne7 57.Qb1 Qd8
58.Qb7  1-0